Municipalities of Littoral–Inner Carniola with a Map - Statistics

General Stats
  • This quiz has been taken 860 times
  • The average score is 4 of 6
Answers on the Map
Answers color-coded by a green-red scale on the quiz's map according to % correct below.
 
Answer Stats
Municipality % Correct
Bloke
79%
Ilirska Bistrica
76%
Pivka
74%
Postojna
71%
Cerknica
64%
Loška Dolina
56%
No matching quizzes found
Score Distribution
Percent of People with Each Score
Percentile by Number Answered
Your Score History
You have not taken this quiz